00928cam a2200277 450000100060000000300080000600500170001400800390003102000150007003500190008504000230010404100080012708200220013510000370015724500910019426000460028530000320033135000100036350400190037365000310039265000390042365000170046294200120047999900170049195201420050811569BD-RjUL20211208235139.0140127s1974 nyua 001 0 eng a0679400494 a(BD-RjUL)11678 aDLCcDLCdDLCbeng aeng00a596.038bSTI 19741 aStivens, Dal,d1911-1997.93579314aThe incredible egg :ba billion year journey /cDal Stivens. Illustrated by Bob Hines. aNew York :bWeybright and Talley,c[1974] avii, 373 p.billus.c22 cm. a$9.95 aIncludes index 0aEvolution (Biology)935188 0aSexual behavior in animals.935794 0aEggs.935795 2ddccBK c11569d11569 00102ddc40718NFICaRUCLbRUCLcRared1977-03-15eAsia Foundationg0.00l0o596.038 STI 1974r2014-01-27 00:00:00tC-1w2014-01-27yBK